00971naa a22002657a 4500001001000000003000900010005001700019007000300036008003400039040005400073041000900127072002000136100002100156100001400177111009200191245002300283500011900306773011800425650001200543650001200555650001400567650001500581650001800596490009100614BR9101793BR-BrBNA20250721155401.0ta250630b bl.|||m| |||| 00| 0 por d aBR-BrBNAbporcBiblioteca Nacional de Agricultura a(Pt) aF03b1121b35751 aQueiroz, M.H. de1 aLin, S.S.1 a1. Encontro Nacional de Pesquisadores em PalmitocCuritiba, PR (Brazil)d26-28 May 19871 aSementes [palmito] aAnais do 1. Encontro Nacional de Pesquisadores em Palmito Curitiba, PR (Brasil): 1987. p. 207-209 (BR9101793-AMS) 0 tAnais do 1. Encontro Nacional de Pesquisadores em PalmitowF03 BR9101793gCuritiba, PR (Brasil), 1987. p. 207-209 aPALMITO aSEMENTE aMATURACAO aGERMINACAO aARMAZENAMENTO aDocumentos - Centro Nacional de Pesquisa de Florestas (Brazil)vNo. 19xISSN 0101-7691